| 000 | 01081cam a22002531 4500 | ||
|---|---|---|---|
| 999 |
_c234280 _d234280 |
||
| 001 | 1689242 | ||
| 003 | Nust | ||
| 005 | 20170316172802.0 | ||
| 008 | 840920s1852 enkcfh 000 0 eng | ||
| 010 | _a 04022419 | ||
| 040 |
_aDLC/ICU _cICU _dDLC |
||
| 043 | _aa-ii--- | ||
| 050 | 0 | 0 |
_aR605 _b.H77 |
| 082 |
_a954 _bHON |
||
| 100 | 1 |
_aHonigberger, John Martin, _d1795-1869. |
|
| 245 | 1 | 0 |
_aThirty-five years in the East. _bAdventures, discoveries, experiements, and historical sketches, relating to the Punjab and Cashmere; in connection with medicine, botany, pharmacy, etc. Together with an original materia medica; and a medical vocabulary, in four European and five eastern languages: _cby John Martin Honigberger ... |
| 260 |
_aLondon, _bH. Baillière, _c1852. |
||
| 300 |
_a2 v. in 1. _bfront. (port.) plates, facsim. _c23 cm. |
||
| 650 | 0 |
_aMedicine _zIndia. |
|
| 650 | 0 |
_aBotany _zIndia. |
|
| 650 | 0 |
_aMateria medica _zIndia. |
|
| 651 | 0 |
_aIndia _xHistory. |
|
| 651 | 0 |
_aIndia _xDescription and travel. |
|
| 906 |
_a7 _bcbc _corignew _du _eocip _f19 _gy-gencatlg |
||
| 942 |
_2ddc _cBK |
||